<?xml version="1.0" encoding="UTF-8"?>
<record
    xmlns:xsi="http://www.w3.org/2001/XMLSchema-instance"
    xsi:schemaLocation="http://www.loc.gov/MARC21/slim http://www.loc.gov/standards/marcxml/schema/MARC21slim.xsd"
    xmlns="http://www.loc.gov/MARC21/slim">

  <leader>00823nam a22002297a 4500</leader>
  <controlfield tag="005">20230627140949.0</controlfield>
  <controlfield tag="008">121009t       sp ||||| |||| 00| 0 spa d</controlfield>
  <datafield tag="020" ind1=" " ind2=" ">
    <subfield code="a">9788448166038</subfield>
  </datafield>
  <datafield tag="050" ind1="0" ind2="4">
    <subfield code="a">TA357</subfield>
    <subfield code="b">W45 2008</subfield>
  </datafield>
  <datafield tag="100" ind1="1" ind2=" ">
    <subfield code="a">White, Frank M.</subfield>
  </datafield>
  <datafield tag="240" ind1="1" ind2="0">
    <subfield code="a">Fluid mechanics</subfield>
    <subfield code="l">espa&#xF1;ol</subfield>
  </datafield>
  <datafield tag="245" ind1="1" ind2="0">
    <subfield code="a">Mec&#xE1;nica de fluidos</subfield>
    <subfield code="c"> / Frank M. White; traducci&#xF3;n y revisi&#xF3;n t&#xE9;cnica Concepci&#xF3;n Paz Pen&#xED;n...[et al.]</subfield>
  </datafield>
  <datafield tag="250" ind1=" " ind2=" ">
    <subfield code="a">6a ed.</subfield>
  </datafield>
  <datafield tag="260" ind1=" " ind2=" ">
    <subfield code="a">Madrid :</subfield>
    <subfield code="b">McGraw-Hill Interamericana de Espa&#xF1;a,</subfield>
    <subfield code="c">2008</subfield>
  </datafield>
  <datafield tag="300" ind1=" " ind2=" ">
    <subfield code="a">xvi, 864 p.:</subfield>
    <subfield code="b">il. ;</subfield>
    <subfield code="c">25 cm.</subfield>
  </datafield>
  <datafield tag="504" ind1=" " ind2=" ">
    <subfield code="a">Incluye ap&#xE9;ndice, bibliograf&#xED;a e &#xED;ndice</subfield>
  </datafield>
  <datafield tag="650" ind1=" " ind2="7">
    <subfield code="2">lemb</subfield>
    <subfield code="a">Mec&#xE1;nica de fluidos</subfield>
  </datafield>
  <datafield tag="700" ind1="1" ind2=" ">
    <subfield code="a">Paz Pen&#xED;n, Concepci&#xF3;n,</subfield>
    <subfield code="e">traductor</subfield>
    <subfield code="e">revisor</subfield>
  </datafield>
  <datafield tag="700" ind1="1" ind2=" ">
    <subfield code="a">Eir&#xED;s Barca, Antonio,</subfield>
    <subfield code="e">traductor</subfield>
  </datafield>
  <datafield tag="700" ind1="1" ind2=" ">
    <subfield code="a">Su&#xE1;rez Porto, Eduardo,</subfield>
    <subfield code="e">traductor</subfield>
  </datafield>
  <datafield tag="942" ind1=" " ind2=" ">
    <subfield code="2">lcc</subfield>
    <subfield code="c">LIB</subfield>
  </datafield>
  <datafield tag="999" ind1=" " ind2=" ">
    <subfield code="c">33588</subfield>
    <subfield code="d">33588</subfield>
  </datafield>
  <datafield tag="952" ind1=" " ind2=" ">
    <subfield code="1">0</subfield>
    <subfield code="2">lcc</subfield>
    <subfield code="4">0</subfield>
    <subfield code="7">0</subfield>
    <subfield code="a">UCIH</subfield>
    <subfield code="b">UCIH</subfield>
    <subfield code="c">GENERAL</subfield>
    <subfield code="d">2012-10-09</subfield>
    <subfield code="f">6a ed.</subfield>
    <subfield code="h">BCU000012027</subfield>
    <subfield code="k">IT</subfield>
    <subfield code="o">TA357 W45 2008</subfield>
    <subfield code="p">BCU000012027</subfield>
    <subfield code="r">2015-01-16 00:00:00</subfield>
    <subfield code="t">1</subfield>
    <subfield code="v">1.00</subfield>
    <subfield code="y">LIB</subfield>
  </datafield>
  <datafield tag="952" ind1=" " ind2=" ">
    <subfield code="1">0</subfield>
    <subfield code="2">lcc</subfield>
    <subfield code="4">0</subfield>
    <subfield code="7">1</subfield>
    <subfield code="a">LIC-019</subfield>
    <subfield code="b">LIC-019</subfield>
    <subfield code="c">GENERAL</subfield>
    <subfield code="d">2012-11-21</subfield>
    <subfield code="f">6a. ed.</subfield>
    <subfield code="h">BIQO000003837</subfield>
    <subfield code="i">IA</subfield>
    <subfield code="k">IT</subfield>
    <subfield code="o">TA357 W45 2008 </subfield>
    <subfield code="p">BIQO000003837</subfield>
    <subfield code="r">2017-10-18 00:00:00</subfield>
    <subfield code="t">C:1</subfield>
    <subfield code="v">592.00</subfield>
    <subfield code="y">LIB</subfield>
  </datafield>
  <datafield tag="952" ind1=" " ind2=" ">
    <subfield code="1">0</subfield>
    <subfield code="2">lcc</subfield>
    <subfield code="4">0</subfield>
    <subfield code="7">0</subfield>
    <subfield code="a">LIC-019</subfield>
    <subfield code="b">LIC-019</subfield>
    <subfield code="c">GENERAL</subfield>
    <subfield code="d">2012-11-21</subfield>
    <subfield code="f">6a. ed.</subfield>
    <subfield code="h">BIQO000003838</subfield>
    <subfield code="i">IA</subfield>
    <subfield code="k">IT</subfield>
    <subfield code="o">TA357 W45 2008 </subfield>
    <subfield code="p">BIQO000003838</subfield>
    <subfield code="r">2017-10-18 00:00:00</subfield>
    <subfield code="t">C:2</subfield>
    <subfield code="v">592.00</subfield>
    <subfield code="y">LIB</subfield>
  </datafield>
  <datafield tag="952" ind1=" " ind2=" ">
    <subfield code="1">0</subfield>
    <subfield code="2">lcc</subfield>
    <subfield code="4">0</subfield>
    <subfield code="7">0</subfield>
    <subfield code="a">LIC-019</subfield>
    <subfield code="b">LIC-019</subfield>
    <subfield code="c">GENERAL</subfield>
    <subfield code="d">2012-11-21</subfield>
    <subfield code="f">6a. ed.</subfield>
    <subfield code="h">BIQO000003839</subfield>
    <subfield code="i">IA</subfield>
    <subfield code="k">IT</subfield>
    <subfield code="o">TA357 W45 2008 </subfield>
    <subfield code="p">BIQO000003839</subfield>
    <subfield code="r">2017-10-18 00:00:00</subfield>
    <subfield code="t">C:3</subfield>
    <subfield code="v">592.00</subfield>
    <subfield code="y">LIB</subfield>
  </datafield>
  <datafield tag="952" ind1=" " ind2=" ">
    <subfield code="1">0</subfield>
    <subfield code="2">lcc</subfield>
    <subfield code="4">0</subfield>
    <subfield code="7">0</subfield>
    <subfield code="a">LIC-019</subfield>
    <subfield code="b">LIC-019</subfield>
    <subfield code="c">GENERAL</subfield>
    <subfield code="d">2013-04-11</subfield>
    <subfield code="f">6a. ed.</subfield>
    <subfield code="h">BIQO000005938</subfield>
    <subfield code="i">IA</subfield>
    <subfield code="k">IT</subfield>
    <subfield code="o">TA357 W45 2008</subfield>
    <subfield code="p">BIQO000005938</subfield>
    <subfield code="r">2017-10-18 00:00:00</subfield>
    <subfield code="t">C:4</subfield>
    <subfield code="v">592.00</subfield>
    <subfield code="y">LIB</subfield>
  </datafield>
  <datafield tag="952" ind1=" " ind2=" ">
    <subfield code="1">0</subfield>
    <subfield code="2">lcc</subfield>
    <subfield code="4">0</subfield>
    <subfield code="7">0</subfield>
    <subfield code="a">LIC-019</subfield>
    <subfield code="b">LIC-019</subfield>
    <subfield code="c">GENERAL</subfield>
    <subfield code="d">2013-04-11</subfield>
    <subfield code="f">6a. ed.</subfield>
    <subfield code="h">BIQO000005939</subfield>
    <subfield code="i">IA</subfield>
    <subfield code="k">IT</subfield>
    <subfield code="o">TA357 W45 2008</subfield>
    <subfield code="p">BIQO000005939</subfield>
    <subfield code="r">2017-10-18 00:00:00</subfield>
    <subfield code="t">C:5</subfield>
    <subfield code="v">592.00</subfield>
    <subfield code="y">LIB</subfield>
  </datafield>
  <datafield tag="952" ind1=" " ind2=" ">
    <subfield code="1">0</subfield>
    <subfield code="2">lcc</subfield>
    <subfield code="4">0</subfield>
    <subfield code="7">0</subfield>
    <subfield code="a">LIC-019</subfield>
    <subfield code="b">LIC-019</subfield>
    <subfield code="c">GENERAL</subfield>
    <subfield code="d">2013-04-11</subfield>
    <subfield code="f">6a. ed.</subfield>
    <subfield code="h">BIQO000005940</subfield>
    <subfield code="i">IA</subfield>
    <subfield code="k">IT</subfield>
    <subfield code="o">TA357 W45 2008</subfield>
    <subfield code="p">BIQO000005940</subfield>
    <subfield code="r">2017-10-18 00:00:00</subfield>
    <subfield code="t">C:6</subfield>
    <subfield code="v">592.00</subfield>
    <subfield code="y">LIB</subfield>
  </datafield>
  <datafield tag="952" ind1=" " ind2=" ">
    <subfield code="1">0</subfield>
    <subfield code="2">lcc</subfield>
    <subfield code="4">0</subfield>
    <subfield code="7">0</subfield>
    <subfield code="a">LIC-019</subfield>
    <subfield code="b">LIC-019</subfield>
    <subfield code="c">GENERAL</subfield>
    <subfield code="d">2013-04-11</subfield>
    <subfield code="f">6a. ed.</subfield>
    <subfield code="h">BIQO000005941</subfield>
    <subfield code="i">IA</subfield>
    <subfield code="k">IT</subfield>
    <subfield code="o">TA357 W45 2008</subfield>
    <subfield code="p">BIQO000005941</subfield>
    <subfield code="r">2017-10-18 00:00:00</subfield>
    <subfield code="t">C:7</subfield>
    <subfield code="v">592.00</subfield>
    <subfield code="y">LIB</subfield>
  </datafield>
  <datafield tag="952" ind1=" " ind2=" ">
    <subfield code="1">0</subfield>
    <subfield code="2">lcc</subfield>
    <subfield code="4">0</subfield>
    <subfield code="7">0</subfield>
    <subfield code="a">LIC-019</subfield>
    <subfield code="b">LIC-019</subfield>
    <subfield code="c">GENERAL</subfield>
    <subfield code="d">2013-04-11</subfield>
    <subfield code="f">6a. ed.</subfield>
    <subfield code="h">BIQO000005942</subfield>
    <subfield code="i">IA</subfield>
    <subfield code="k">IT</subfield>
    <subfield code="o">TA357 W45 2008</subfield>
    <subfield code="p">BIQO000005942</subfield>
    <subfield code="r">2017-10-18 00:00:00</subfield>
    <subfield code="t">C:8</subfield>
    <subfield code="v">592.00</subfield>
    <subfield code="y">LIB</subfield>
  </datafield>
  <datafield tag="952" ind1=" " ind2=" ">
    <subfield code="1">0</subfield>
    <subfield code="2">lcc</subfield>
    <subfield code="4">0</subfield>
    <subfield code="7">0</subfield>
    <subfield code="a">LIC-019</subfield>
    <subfield code="b">LIC-019</subfield>
    <subfield code="c">GENERAL</subfield>
    <subfield code="d">2013-04-11</subfield>
    <subfield code="f">6a. ed.</subfield>
    <subfield code="h">BIQO000005943</subfield>
    <subfield code="i">IA</subfield>
    <subfield code="k">IT</subfield>
    <subfield code="o">TA357 W45 2008</subfield>
    <subfield code="p">BIQO000005943</subfield>
    <subfield code="r">2017-10-18 00:00:00</subfield>
    <subfield code="t">C:9</subfield>
    <subfield code="v">592.00</subfield>
    <subfield code="y">LIB</subfield>
  </datafield>
  <datafield tag="952" ind1=" " ind2=" ">
    <subfield code="1">0</subfield>
    <subfield code="2">lcc</subfield>
    <subfield code="4">0</subfield>
    <subfield code="7">0</subfield>
    <subfield code="a">LIC-019</subfield>
    <subfield code="b">LIC-019</subfield>
    <subfield code="c">GENERAL</subfield>
    <subfield code="d">2013-06-20</subfield>
    <subfield code="f">6a. ed.</subfield>
    <subfield code="h">BIQO000005720</subfield>
    <subfield code="i">IA</subfield>
    <subfield code="k">IT</subfield>
    <subfield code="o">TA357 W45 2008 </subfield>
    <subfield code="p">BIQO000005720</subfield>
    <subfield code="r">2017-10-18 00:00:00</subfield>
    <subfield code="t">C:10</subfield>
    <subfield code="v">592.00</subfield>
    <subfield code="y">LIB</subfield>
  </datafield>
  <datafield tag="952" ind1=" " ind2=" ">
    <subfield code="1">0</subfield>
    <subfield code="2">lcc</subfield>
    <subfield code="4">0</subfield>
    <subfield code="7">0</subfield>
    <subfield code="a">LIC-019</subfield>
    <subfield code="b">LIC-019</subfield>
    <subfield code="c">GENERAL</subfield>
    <subfield code="d">2014-07-09</subfield>
    <subfield code="f">6a. ed.</subfield>
    <subfield code="h">BIQO000000024</subfield>
    <subfield code="i">IA</subfield>
    <subfield code="k">IT</subfield>
    <subfield code="o">TA357 W45 2008</subfield>
    <subfield code="p">BIQO000000024</subfield>
    <subfield code="r">2017-10-18 00:00:00</subfield>
    <subfield code="t">C:11</subfield>
    <subfield code="v">592.00</subfield>
    <subfield code="y">LIB</subfield>
  </datafield>
  <datafield tag="952" ind1=" " ind2=" ">
    <subfield code="1">0</subfield>
    <subfield code="2">lcc</subfield>
    <subfield code="4">0</subfield>
    <subfield code="7">1</subfield>
    <subfield code="a">LIC-019</subfield>
    <subfield code="b">LIC-019</subfield>
    <subfield code="c">GENERAL</subfield>
    <subfield code="d">2014-07-09</subfield>
    <subfield code="f">6a. ed.</subfield>
    <subfield code="h">BIQO000000025</subfield>
    <subfield code="i">IA</subfield>
    <subfield code="k">IT</subfield>
    <subfield code="o">TA357 W45 2008</subfield>
    <subfield code="p">BIQO000000025</subfield>
    <subfield code="r">2017-10-18 00:00:00</subfield>
    <subfield code="t">C:12</subfield>
    <subfield code="v">592.00</subfield>
    <subfield code="y">LIB</subfield>
  </datafield>
</record>
